zpět

Detail výsledku týmu

Srdcovka Litvínov, Litvínov

Datum a čas kvízu

9.5 Celkem bodů Celkový počet nahraných bodů na tomto kvízu bez doplňovacích otázek.
7. Pořadí na kvízu Konečné umístění týmu na tomto kvízu.

Zaznamenané odpovědi

# Otázka Odpověď Body Výsledky
1. V Praze byl minulý týden na ve... z paluby Titaniku 0
2. Římská radnice minulý týden oz... fontána di Trevi 0
3. Která kapela minulý týden ozná... Linkin Park 1
4. Minulý týden jsme se dozvěděli... rýže 0
5. Reprezentace jedné evropské ze... San Marino 0
6. Ruské město Nižnij Novgorod ne... Gorkij 0
7. Panovník jisté africké země za... Svazijsko/Svazijské království 0
8. Napište bývalý název Bratislav... Prešpurk/Prešporok/Prešporek; 1919 (1914–1924) 0
9. Když Portugalci objevili jistý... Tchaj-wan 0
10. Zhruba rok po vyhlazení českýc... o Panamu 0